| 000 | 02202nkm0a2200409 4500 | ||
|---|---|---|---|
| 001 | RU\NLR\bibl\2085752 | ||
| 005 | 20250806205613.0 | ||
| 020 |
_aRU _9ЛЕНИНГРАД В ВЕЛИКОЙ ОТЕЧЕСТВЕННОЙ ВОЙНЕ : Печать Ленинграда, 1941 - 1945 : листовки, плакаты, открытки, альбомы: карточный каталог изданий, хранящихся в фондах Гос. Публ. б-ки. - Ленинград, 1972 |
||
| 035 | _a(NLR Aleph) 010197424 | ||
| 090 |
_a75973 _c75973 |
||
| 100 | _a20250806 rusy50 | ||
| 101 | 0 | _arus | |
| 102 | _aRU | ||
| 105 | _ay z ||||| | ||
| 135 | _acrcn 024apada | ||
| 200 | 1 | _aПриказ N 159 по Ленинградскому комитету радиовещания и радификации от 5 дек. 1943 г. | |
| 210 |
_a[Ленинград _d1943, дек. 5] |
||
| 215 |
_a1 л. _d30х21 |
||
| 325 | _aКопия доступна в Электрон. б-ке РНБ http://vivaldi.nlr.ru/ll000074905/view | ||
| 337 | _aЭлектронная копия доступна в Электронной библиотеке РНБ | ||
| 606 | 1 |
_aБлокада Ленинграда _z1941 - 1944 _jЛистовки _2nlr_sh1 _2nlr_sh2 _3RU\NLR\AUTH\661253360 |
|
| 686 | _aЦ35(2)722б6 | ||
| 686 | _aТ3(2)722.721,011 | ||
| 710 | 0 | 2 | _aЛенинградский комитет по радиофикации и радиовещанию |
| 801 | 0 |
_aRU _bNLR _c19720101 _gPSBO |
|
| 801 | 1 |
_aRU _bNLR _c20131120 _gRCR |
|
| 852 |
_aNLR _bЛ3-330л _j24/2-73 |
||
| 856 | 0 | _uhttp://vivaldi.nlr.ru/ll000074905/view | |
| 856 | 1 | _uhttp://vivaldi.nlr.ru/ll000074905/cover | |
| 856 | 2 | _uhttp://vivaldi.nlr.ru/ll000074905/text | |
| 942 | _cVISUAL | ||
| 945 | _aРоссийская национальная библиотека | ||
| 980 | _aBV | ||
| 981 | 2 | 1 |
_a(21) Листовки _b(21) Листовки блокадного Ленинграда |
| 981 | 3 | 7 |
_a(37) Ленинград в Великой Отечественной войне _b(37) Листовки блокадного Ленинграда |